Responses for Show #5827 - Tuesday, January 5, 2010

Contestants

[<< previous game]

Kelly Loughead, a college freshman from Mason, Ohio

Dave Artusi, a bond trader from Colorado Springs, Colorado

Jennifer Broders, a junior high school social studies teacher from Stockton, Iowa (whose 1-day cash winnings total $32,401)

[next game >>]

Jeopardy! Round responses

U.S. TERRITORIES & AREAS
IS THIS A RERUN?
HEALTH & BEAUTY
WRAPPERS
50 CENT
"M" & "M"
    $200 11
the Caribbean Sea

Kelly
    $200 26
Lou Grant

Triple Stumper
    $200 16
the sun

Jennifer
    $200 6
Wonder (Bread)

Jennifer
    $200 19
Kennedy

Jennifer
    $200 1
March Madness

Dave
    $400 12
1945

Jennifer
    $400 27
South Park

Dave
    $400 17
a chemical peel

Dave
    $400 7
(Kelly: What are fig?... leaves?)

grape leaves

JenniferKelly
    $400 20
the Liberty Bell

Jennifer
    $400 2
the Moral Majority

Jennifer
    $600 13
Samoa

Kelly
    $600 28
Archie Bunker's Place

Triple Stumper
    $600 18
a tummy tuck

Kelly
    $600 8
swaddling clothes

Dave
    $600 21
an eagle

Kelly
    $600 3
"The Monster Mash"

Jennifer
    $800 14
Guam

Triple Stumper
    $800 29
[ERRATUM: Though the show is [*], the character is just "The Doctor".]

Doctor Who

Jennifer
    $800 24
moles

Triple Stumper
    $800 9
Saran Wrap

Kelly
    $800 22
silver

Jennifer
    $1,000 4
(Alex: Yes. Gone with the Wind fame.)

Margaret Mitchell

Jennifer
    $1000 15
the Virgin Islands

Dave
    $1000 30
Cops

Triple Stumper
    $1000 25
collagen

Kelly
    $1000 10
a turban

Jennifer
    $1000 23
Ben Franklin

Triple Stumper
    $1000 5
"the Merry Monarch"

Jennifer

Scores at the first commercial break (after clue 15):

Jennifer Dave Kelly
$5,000 $1,800 $1,200

Scores at the end of the Jeopardy! Round:

Jennifer Dave Kelly
$7,400 $2,600 $3,400

Double Jeopardy! Round responses

MINERALS
NONCREDIT WHERE CREDIT IS DUE
IF JUDD APATOW ADAPTED THE CLASSICS
HAVE SOME CAKE OR PIE
HE'S "R" MAN
ON ____
    $400 21
gypsum

Jennifer
    $400 1
Bruce Willis

Jennifer
    $400 6
quiche

Jennifer
    $400 11
Yitzhak Rabin

Jennifer
    $400 16
on deck

Jennifer
    $800 22
titanium

Dave
    $800 2
Courtney Cox

Jennifer
    $800 29
[The end-of-round signal sounds.]

Troy

Kelly
    $800 7
cheesecake

Triple Stumper
    $800 12
(Erno) Rubik

Jennifer
    $800 17
on tap

Jennifer
    $1200 27
(Alex: Good insulator--[*].)

asbestos

Triple Stumper
    $1200 3
Sean Connery

Jennifer
    $1200 28
the satyrs

Triple Stumper
    $5,000 8
key lime

Jennifer
    $1200 13
(Dave: Who is Re?)

Ramses

DaveKelly
    $1200 18
OnStar

Kelly
    $1600 26
Vesuvius

Kelly
    $1600 4
Vince Vaughn

Triple Stumper
    $1600 25
(Alex: Less than a minute now, Dave.)

eating them

Triple Stumper
    $1600 9
a Bundt

Jennifer
    $1600 14
(Maurice) Ravel

Jennifer
    $2,000 19
on edge (on the edge accepted)

Kelly
    $2000 23
lead

Triple Stumper
    $2000 5
Vin Diesel

Triple Stumper
    $2000 24
Apollo

Dave
    $2000 10
(Kelly: What's a cauldron cake?)

treacle (tart)

JenniferKelly
    $2000 15
Röntgen

Dave
    $2000 20
on call

Jennifer

Scores at the end of the Double Jeopardy! Round:

Jennifer Dave Kelly
$25,200 $6,200 $8,200
(lock game)

[wagering suggestions for these scores]

Final Jeopardy! Round responses

ART HISTORY
(Alex: The artist Alphonse Allais had a great sense of humor, and he produced a work that is very similar to some of mine.)
...
(Alex: You know what? It was a blank piece of paper.)
DaveWhat is Pointilism?
$6,195
KellyWhat is it was an impressionist?
$4,300
JenniferWhat was it was all one color?
$2,200
it was all white

Final scores:

Jennifer Dave Kelly
$27,400 $5 $3,900
2-day champion: $59,801 3rd place: $1,000 2nd place: $2,000

Game dynamics:

Coryat scores:

Jennifer Dave Kelly
$21,200 $6,200 $7,800
27 R
(including 2 DDs),
0 W
8 R,
1 W
11 R
(including 1 DD),
2 W

Combined Coryat: $35,200

[game clues] [game scores] [suggest correction]

Game tape date: 2009-11-16
The J! Archive is created by fans, for fans. Scraping, republication, monetization, and malicious use prohibited; this site may use cookies and collect identifying information. See terms. The Jeopardy! game show and all elements thereof, including but not limited to copyright and trademark thereto, are the property of Jeopardy Productions, Inc. and are protected under law. This website is not affiliated with, sponsored by, or operated by Jeopardy Productions, Inc. Join the discussion at JBoard.tv.